| 000 | 00710nam a2200217Ia 4500 | ||
|---|---|---|---|
| 008 | 191130s2009##################000#0#eng## | ||
| 020 | _a9780737740929 | ||
| 022 | _a2008020843 | ||
| 040 |
_aACL _cACL |
||
| 082 | _a393.9 HEN | ||
| 245 |
_aDisposal of the dead _cDiane Andrews Henningfield, editor |
||
| 260 |
_aFarmington Hills, MI _bGreenhaven Press _cc2009 |
||
| 300 | _a119 p. ; 24 cm | ||
| 500 | _aIncludes bibliographical references (p. 110-113) and index | ||
| 650 | _aBurial - Juvenile literature | ||
| 650 | _aFuneral rites and ceremonies - Juvenile literature | ||
| 700 | _aHenningfield, Diane Andrews | ||
| 990 | _ab04660c8ac10000c1d1e772aa2c1e627 | ||
| 991 | _a346095 | ||
| 999 |
_c151614 _d151614 |
||